Score 0/15 Timer 02:00
0 Plays Today
% Correct
crimson
91%
scarlet
88.2%
maroon
88%
cardinal
87.1%
wine
82.5%
flame
80.8%
carmine
69%
cinnabar
66.4%
% Correct
vermilion
66.2%
sanguine
57.9%
cochineal
40.2%
murrey
32.6%
nacarat
31.5%
solferino
30.7%
gules
22.2%
Remove Ads.
Support Sporcle.
Get the best of Sporcle when you Go Orange. This ad-free experience offers more features, more stats, and more fun while also helping to support Sporcle. Thank you for becoming a member.

You're not logged in!

Compare scores with friends on all Sporcle quizzes.
OR
Log In

Sporcle TV

Today on Sporcle TV


Watch our educational content, quiz creation guides, and fun videos on Sporcle TV.

Show Comments

Extras

Top Quizzes Today


Score Distribution

Paid Content

Your Account Isn't Verified!

In order to create a playlist on Sporcle, you need to verify the email address you used during registration. Go to your Sporcle Settings to finish the process.

Report this User

Report this user for behavior that violates our Community Guidelines.

Details: